Overwatch Hero to Role - Click Quiz - Statistics

General Stats
  • This quiz has been taken 105 times
  • The average score is 39 of 42
Answer Stats
Hint Answer % Correct
Ana

Support

99%
Cassidy

Damage

96%
Brigitte

Support

95%
Genji

Damage

95%
Hanzo

Damage

95%
Kiriko

Support

94%
D.Va

Tank

94%
Junker Queen

Tank

94%
Ashe

Damage

94%
Reaper

Damage

94%
Widowmaker

Damage

94%
Baptiste

Support

93%
Lifeweaver

Support

93%
Lúcio

Support

93%
Moira

Support

93%
Orisa

Tank

93%
Roadhog

Tank

93%
Wrecking Ball

Tank

93%
Pharah

Damage

93%
Soldier: 76

Damage

93%
Tracer

Damage

93%
Illari

Support

92%
Mercy

Support

92%
Doomfist

Tank

92%
Mauga

Tank

92%
Reinhardt

Tank

92%
Sigma

Tank

92%
Bastion

Damage

92%
Echo

Damage

92%
Junkrat

Damage

92%
Sombra

Damage

92%
Zarya

Tank

91%
Torbjörn

Damage

91%
Venture

Damage

91%
Juno

Support

89%
Sojourn

Damage

89%
Symmetra

Damage

89%
Ramattra

Tank

88%
Mei

Damage

88%
Hazard

Tank

87%
Zenyatta

Support

84%
Winston

Tank

84%
No matching quizzes found
Score Distribution
Percent of People with Each Score
Percentile by Number Answered
Your Score History
You have not taken this quiz